| 000 | 00491nam a2200157 a 4500 | ||
|---|---|---|---|
| 001 | 000002935 | ||
| 005 | 20200929150305.0 | ||
| 008 | 090706s1972 mx a 000 0 spa d | ||
| 040 |
_aDO-SdBNP _bspa _cBNPHU |
||
| 082 |
_axxxx _bxxxx |
||
| 100 | 1 |
_aJohnson, Eric W. _99318 |
|
| 245 | 1 | 3 |
_aLo que cambia en ti durante la adolescencia / _cEric W. Johnson, Corinne B. Johnson. |
| 260 |
_aMéxico : _bPax - México, _c1972. |
||
| 300 |
_a140 p. : _bil. ; _c21 cm. |
||
| 700 | 1 |
_aB. Johnson, Corinne _99319 |
|
| 999 |
_c2768 _d2768 |
||